Economic integration : limits and prospects
Αποθηκεύτηκε σε:
| Άλλοι συγγραφείς: | , |
|---|---|
| Μορφή: | Βιβλίο |
| Γλώσσα: | English |
| Δημοσίευση: |
Houndmills, Balsingtoke, Hampshire :
Palgrave,
2002
|
| Θέματα: | |
| Ετικέτες: |
Προσθήκη ετικέτας
Δεν υπάρχουν, Καταχωρήστε ετικέτα πρώτοι!
|
MARC
| LEADER | 00000nam a2200000 i 4500 | ||
|---|---|---|---|
| 001 | 1/83632 | ||
| 008 | 080423s2002 eng d | ||
| 020 | |a 978-0-333-72472-9 | ||
| 020 | |a 0-333-72472-0 | ||
| 035 | |l 10096977 | ||
| 040 | |a GR-MY-UA |b gre |e aacr | ||
| 041 | 0 | |a eng | |
| 082 | 0 | |a 337.14 |2 (22) | |
| 245 | 1 | 0 | |a Economic integration : |b limits and prospects / |c edited by George M. Korres and George C. Bitros |
| 260 | |a Houndmills, Balsingtoke, Hampshire : |b Palgrave, |c 2002 | ||
| 300 | |a xviii, 301 σ.; |b εικ.; |c 23 εκ. | ||
| 504 | |a Περιέχει βιβλιογραφικές παραπομπές | ||
| 651 | 0 | |a Europe |x Economic integration. | |
| 700 | 1 | |a Bitros, George. |4 edt | |
| 700 | 1 | |4 edt |a Κορρές, Γεώργιος Μ. | |
| 852 | |a INST |b LESVOS |e 20080423 |h 337.14 ECO |p 005100039686 |q 005100039686 |t BK |y 0 | ||
| 901 | |a BIBL1-2008-1 | ||
| 909 | |a Λ |b 151211 | ||
| 922 | |a 1ΕΛΗ |b 200803 |c ΕΠΕΑΕΚ2/ΤΓ |d ΠΑΠΑΣΩΤΗΡΙΟΥ | ||
| 970 | |a ΚΑΡΑ |b ΓΙΑΣΕΜΗ |z 2008/04/23 | ||